000 01324nam a2200253Ia 4500
003 Ost
005 20260416102353.0
008 260416s9999||||xx |||||||||||||| ||und||
040 _cfsecg
041 _aara
082 _a350
100 _aيعقوب، أمينة
_eمؤلف
245 0 _aالإدارة الإستراتيجية للمؤسسات /
_c أمينة يعقوب
260 _aالجزائر
_bجامعة الجزائر3: كلية العلوم الإقتصادية، العلوم التجارية وعلوم التسيير
_c2018
300 _a189 ورقة
_bايضاحات
_c30 سم
504 _aمراجع ص.188
520 _aتطور مفهوم الاستراتيجية ودوافع اعتمادها، التشخيص، أدوات التحليل الاستراتيجي، دور أنظمة المعلومات في لتخاذ القرار، التفاعل بين البيئة والمنظمة، التغيرات الاقتصادية لتنفيذ الاستراتيجية.
653 _aاتخاذ القرارات
653 _aادارة أعمال
653 _aالادارة
653 _aالاستراتيجية
710 _aجامعة الجزائر3: كلية العلوم الإقتصادية، العلوم التجارية وعلوم التسيير
_eناشر علمي
942 _cHANDOUT
999 _c41091
_d41091